[Event "SM-2022-0-00480"]
[Site "LSS email"]
[Date "2022.09.04"]
[Round "?"]
[White "Baltar, Antoni"]
[Black "Kushnaryov, Andrey"]
[Result "1/2-1/2"]
[WhiteElo "2203"]
[BlackElo "2232"]
[PlyCount "99"]
[EventDate "2022.08.10"]
[EventType "tourn (corr)"]
[EventRounds "6"]
[EventCountry "GER"]
[SourceTitle "Corr 2024"]
[Source "ChessBase"]
[SourceDate "2023.10.19"]
[SourceVersion "1"]
[SourceVersionDate "2023.10.19"]
[SourceQuality "1"]

1. e4 c5 2. Nf3 Nc6 3. Nc3 e5 4. Bc4 Be7 5. d3 d6 6. Nd2 Nf6 7. Nf1 Bg4 8. f3 Be6 9. Ne3 0-0 10. 0-0 Rb8 11. a4 Nb4 12. Bd2 Nh5 13. f4 Nxf4 14. g3 Nh3+ 15. Kg2 Ng5 16. h4 Bh3+ 17. Kh2 Bxf1 18. hxg5 Bxd3 19. cxd3 Bxg5 20. Qg4 g6 21. Kg2 h5 22. Qe2 Nc6 23. Rh1 a6 24. a5 Nxa5 25. Ba2 Nc6 26. Ncd5 Nd4 27. Qd1 Re8 28. Nf5 Ne6 29. Qe2 b5 30. Qf2 Rf8 31. Bb3 c4 32. Bd1 Ng7 33. Nh6+ Bxh6 34. Bxh6 f5 35. Qd2 Rf7 36. Be2 f4 37. gxf4 exf4 38. Bxf4 Qd7 39. Bg3 cxd3 40. Qxd3 Rbf8 41. e5 Qe6 42. Nf6+ Rxf6 43. exf6 Qxf6 44. Qd2 Rf7 45. b3 d5 46. Qxd5 Nf5 47. Bf2 Qg5+ 48. Kh3 Qe7 49. Qd3 Qe6 50. Kh2 1/2-1/2

[Event "SM-2022-0-00480"]
[Site "LSS email"]
[Date "2022.09.04"]
[Round "?"]
[White "Kushnaryov, Andrey"]
[Black "Class, Wolfgang"]
[Result "1/2-1/2"]
[WhiteElo "2232"]
[BlackElo "2309"]
[PlyCount "55"]
[EventDate "2022.08.10"]
[EventType "tourn (corr)"]
[EventRounds "6"]
[EventCountry "GER"]
[SourceTitle "Corr 2024"]
[Source "ChessBase"]
[SourceDate "2023.10.19"]
[SourceVersion "1"]
[SourceVersionDate "2023.10.19"]
[SourceQuality "1"]

1. d4 d5 2. c4 e6 3. Nf3 Nf6 4. g3 Bb4+ 5. Bd2 Be7 6. Bg2 0-0 7. 0-0 c6 8. Qc2 Nbd7 9. Rd1 b6 10. Bf4 Bb7 11. Nc3 dxc4 12. Nd2 Nd5 13. Nxc4 Nxf4 14. gxf4 Qc7 15. e3 Rac8 16. a3 Rfd8 17. Rac1 a5 18. Qb1 Ba6 19. Ne4 c5 20. b4 Bxc4 21. Rxc4 axb4 22. axb4 b5 23. Rxc5 Nxc5 24. bxc5 Qa5 25. Rc1 Rc7 26. Rc2 Ra7 27. Nc3 Rb8 28. Ra2 1/2-1/2

[Event "SM-2022-0-00480"]
[Site "LSS email"]
[Date "2022.09.04"]
[Round "?"]
[White "Ozen, Bahadir"]
[Black "Kushnaryov, Andrey"]
[Result "1/2-1/2"]
[WhiteElo "2244"]
[BlackElo "2232"]
[PlyCount "43"]
[EventDate "2022.08.10"]
[EventType "tourn (corr)"]
[EventRounds "6"]
[EventCountry "GER"]
[SourceTitle "Corr 2024"]
[Source "ChessBase"]
[SourceDate "2023.10.19"]
[SourceVersion "1"]
[SourceVersionDate "2023.10.19"]
[SourceQuality "1"]

1. e4 c5 2. Nf3 Nc6 3. d4 cxd4 4. Nxd4 Nf6 5. Nc3 e5 6. Ndb5 d6 7. Nd5 Nxd5 8. exd5 Nb8 9. a4 Be7 10. Be2 0-0 11. 0-0 Nd7 12. Bd2 a6 13. Na3 a5 14. f4 Nb6 15. c4 Bf6 16. Bd3 e4 17. Bxe4 Bxb2 18. Bxh7+ Kxh7 19. Qb1+ Bf5 20. Qxb2 Nxa4 21. Qd4 Nc5 22. Bc3 1/2-1/2

[Event "WC-2021-S-00002"]
[Site "LSS email"]
[Date "2021.04.03"]
[Round "?"]
[White "Willmann, Bernd"]
[Black "Kushnaryov, Andrey"]
[Result "1/2-1/2"]
[WhiteElo "2359"]
[BlackElo "2273"]
[PlyCount "36"]
[EventDate "2021.04.03"]
[EventType "tourn (corr)"]
[EventRounds "6"]
[EventCountry "GER"]
[SourceTitle "Corr 2024"]
[Source "ChessBase"]
[SourceDate "2023.10.19"]
[SourceVersion "1"]
[SourceVersionDate "2023.10.19"]
[SourceQuality "1"]

1. e4 c5 2. Nf3 Nc6 3. d4 cxd4 4. Nxd4 Nf6 5. Nc3 e5 6. Ndb5 d6 7. Bg5 a6 8. Na3 b5 9. Nd5 Be7 10. Bxf6 Bxf6 11. c3 Rb8 12. Nc2 Bg5 13. a4 bxa4 14. Ncb4 Bd7 15. Bxa6 Nxb4 16. cxb4 0-0 17. 0-0 Bc6 18. Rxa4 Bxa4 1/2-1/2

[Event "SM-2021-0-00439"]
[Site "LSS email"]
[Date "2021.02.04"]
[Round "?"]
[White "Mostowik, Daniel"]
[Black "Kushnaryov, Andrey"]
[Result "1/2-1/2"]
[WhiteElo "2214"]
[BlackElo "2267"]
[PlyCount "61"]
[EventDate "2020.11.23"]
[EventType "tourn (corr)"]
[EventRounds "6"]
[EventCountry "GER"]
[SourceTitle "Corr 2024"]
[Source "ChessBase"]
[SourceDate "2023.10.19"]
[SourceVersion "1"]
[SourceVersionDate "2023.10.19"]
[SourceQuality "1"]

1. e4 c5 2. Nf3 Nc6 3. d4 cxd4 4. Nxd4 Nf6 5. Nc3 e5 6. Ndb5 d6 7. Bg5 a6 8. Na3 b5 9. Nd5 Be7 10. Bxf6 Bxf6 11. c3 0-0 12. Nc2 Bg5 13. a4 bxa4 14. Rxa4 a5 15. Bc4 Bd7 16. 0-0 Nb4 17. Ra3 Nxd5 18. Bxd5 Rb8 19. b4 axb4 20. Nxb4 Kh8 21. Qe2 Qc8 22. Rfa1 g6 23. h3 Kg7 24. Qf3 h5 25. Qg3 Bf4 26. Qf3 h4 27. Ra7 Kh6 28. Qd3 Bb5 29. Qc2 Bd7 30. Nd3 Bg5 31. R1a2 1/2-1/2

[Event "SM-2020-0-00431"]
[Site "LSS email"]
[Date "2020.08.20"]
[Round "?"]
[White "Enev, Zlatko"]
[Black "Kushnaryov, Andrey"]
[Result "1-0"]
[WhiteElo "2331"]
[BlackElo "2264"]
[PlyCount "67"]
[EventDate "2020.04.24"]
[EventType "tourn (corr)"]
[EventRounds "6"]
[EventCountry "GER"]
[SourceTitle "Corr 2022"]
[Source "ChessBase"]
[SourceDate "2021.10.24"]
[SourceVersion "1"]
[SourceVersionDate "2021.10.24"]
[SourceQuality "1"]

1. e4 c5 2. Nf3 Nc6 3. b4 Nxb4 4. c3 Nc6 5. d4 g6 6. d5 Na5 7. h4 d6 8. h5 a6 9. Be2 Nh6 10. Bf4 Bg7 11. Nbd2 Ng4 12. Ng5 Ne5 13. h6 Bf6 14. Be3 e6 15. f4 exd5 16. exd5 0-0 17. Nge4 Nd7 18. 0-0 Nb6 19. Nxf6+ Qxf6 20. Bf2 Re8 21. c4 Bd7 22. Bd3 Na4 23. Qf3 Nc3 24. a4 Bf5 25. Rae1 Nxa4 26. Bxf5 gxf5 27. Qh3 Rxe1 28. Rxe1 Nb6 29. Re3 Naxc4 30. Nxc4 Nxc4 31. Rd3 Kf8 32. Bh4 Qb2 33. Qxf5 Re8 34. Bf6 1-0

[Event "SM-2020-0-00431"]
[Site "LSS email"]
[Date "2020.08.20"]
[Round "?"]
[White "Kushnaryov, Andrey"]
[Black "Delgado, Raul"]
[Result "1/2-1/2"]
[WhiteElo "2264"]
[BlackElo "2200"]
[PlyCount "54"]
[EventDate "2020.04.24"]
[EventType "tourn (corr)"]
[EventRounds "6"]
[EventCountry "GER"]
[SourceTitle "Corr 2022"]
[Source "ChessBase"]
[SourceDate "2021.10.24"]
[SourceVersion "1"]
[SourceVersionDate "2021.10.24"]
[SourceQuality "1"]

1. Nf3 d5 2. c4 c6 3. d4 Nf6 4. g3 dxc4 5. Bg2 g6 6. 0-0 Bg7 7. a4 Ne4 8. Qc2 Nd6 9. e4 Na6 10. Na3 0-0 11. Rd1 Nb4 12. Qe2 Nd3 13. e5 Nxc1 14. Raxc1 Ne8 15. Nxc4 Bh6 16. Nfd2 Nc7 17. Rc2 Bxd2 18. Qxd2 Be6 19. Qb4 Rb8 20. Ne3 Nd5 21. Nxd5 Bxd5 22. Bxd5 Qxd5 23. Qxe7 Qb3 24. Rcd2 Qxa4 25. h4 Qb3 26. h5 Qe6 27. Qg5 Rbd8 1/2-1/2

[Event "WC-2019-Q-00006"]
[Site "LSS email"]
[Date "2019.08.28"]
[Round "?"]
[White "Cvak, Rudolf"]
[Black "Kushnaryov, Andrey"]
[Result "1/2-1/2"]
[WhiteElo "2372"]
[BlackElo "2222"]
[PlyCount "39"]
[EventDate "2019.09.01"]
[EventType "tourn (corr)"]
[EventRounds "12"]
[EventCountry "GER"]
[SourceTitle "Corr 2022"]
[Source "ChessBase"]
[SourceDate "2021.10.24"]
[SourceVersion "1"]
[SourceVersionDate "2021.10.24"]
[SourceQuality "1"]

1. e4 c5 2. Nf3 Nc6 3. d4 cxd4 4. Nxd4 Nf6 5. Nc3 e5 6. Ndb5 d6 7. Nd5 Nxd5 8. exd5 Nb8 9. a4 Be7 10. Be2 0-0 11. 0-0 Nd7 12. Bd2 a6 13. Na3 a5 14. c3 f5 15. f4 Bf6 16. Kh1 exf4 17. Bxf4 Be5 18. Qd2 Bxf4 19. Qxf4 Ne5 20. Qd4 1/2-1/2

[Event "WC-2019-Q-00006"]
[Site "LSS email"]
[Date "2019.08.28"]
[Round "?"]
[White "Kushnaryov, Andrey"]
[Black "Bernal Varela, Nelson"]
[Result "1/2-1/2"]
[WhiteElo "2222"]
[BlackElo "2406"]
[PlyCount "41"]
[EventDate "2019.09.01"]
[EventType "tourn (corr)"]
[EventRounds "12"]
[EventCountry "GER"]
[SourceTitle "Corr 2022"]
[Source "ChessBase"]
[SourceDate "2021.10.24"]
[SourceVersion "1"]
[SourceVersionDate "2021.10.24"]
[SourceQuality "1"]

1. d4 e6 2. e4 d5 3. Nc3 Nf6 4. e5 Nfd7 5. f4 c5 6. Nf3 cxd4 7. Nxd4 Nc6 8. Be3 Qb6 9. Qd2 Qxb2 10. Rb1 Qa3 11. Bb5 Nxd4 12. Bxd4 a6 13. Bxd7+ Bxd7 14. Rb3 Qe7 15. Rxb7 Rc8 16. 0-0 Qd8 17. Qf2 Rxc3 18. Bxc3 Qc8 19. Rb3 Ba4 20. Bd4 Bxb3 21. axb3 1/2-1/2

[Event "FICGS W-ch st2 g01 email"]
[Site "FICGS email"]
[Date "2019.08.03"]
[Round "1"]
[White "Kushnaryov, Andrey"]
[Black "Sorbi, Luca"]
[Result "0-1"]
[WhiteElo "2257"]
[BlackElo "2185"]
[PlyCount "48"]
[EventDate "2019.??.??"]
[EventType "tourn (corr)"]
[EventRounds "8"]
[SourceTitle "Corr 2022"]
[Source "ChessBase"]
[SourceDate "2021.10.24"]
[SourceVersion "1"]
[SourceVersionDate "2021.10.24"]
[SourceQuality "1"]

1. d4 Nf6 2. Nf3 g6 3. c4 Bg7 4. Nc3 0-0 5. e4 d6 6. Be2 e5 7. 0-0 Nc6 8. d5 Ne7 9. b4 Nh5 10. Re1 f5 11. a4 a5 12. bxa5 Rxa5 13. Bd2 Nf6 14. exf5 Nxf5 15. Bd3 Ra8 16. Ng5 Nd4 17. f3 Nh5 18. Nge4 Nf4 19. Bf1 c6 20. Rb1 Qc7 21. Rb2 Kh8 22. Kh1 Bf5 23. Qb1 Ra7 24. a5 h5 0-1

[Event "FICGS W-ch st2 g01 email"]
[Site "FICGS email"]
[Date "2019.08.03"]
[Round "1"]
[White "Kushnaryov, Andrey"]
[Black "Tanriover, Taner"]
[Result "0-1"]
[WhiteElo "2257"]
[BlackElo "2077"]
[PlyCount "36"]
[EventDate "2019.??.??"]
[EventType "tourn (corr)"]
[EventRounds "8"]
[SourceTitle "Corr 2022"]
[Source "ChessBase"]
[SourceDate "2021.10.24"]
[SourceVersion "1"]
[SourceVersionDate "2021.10.24"]
[SourceQuality "1"]

1. d4 d5 2. Nf3 Nf6 3. c4 c6 4. g3 Bg4 5. Bg2 e6 6. 0-0 Be7 7. Ne5 Bf5 8. h3 h6 9. Bf4 Nbd7 10. Nxd7 Qxd7 11. Nd2 0-0 12. a4 Rfd8 13. c5 b6 14. b4 bxc5 15. g4 Bh7 16. bxc5 a5 17. Qc1 Qc8 18. Qc3 Rd7 0-1